banner-ar

IF YOU ASK ME ABOUT LIFE / (Record no. 12504)

MARC details
000 -الفاتح
حقل البيانات ثابتة الطول 00507nam a2200205Ia 4500
008 - عناصر البيانات ثابتة الطول - معلومات عامة
حقل البيانات ثابتة الطول 140319s9999 xx 000 0 eng d
040 ## - مصدر الفهرسة
وكالة الفهرسة الأصلية GCL /
وكالة النسخ GCL
082 04 - رقم تصنيف ديوى العشرى
رقم التصنيف 131
رقم المادة Y I
100 1# - المدخل الرئيسى - إسم شخصى
الإسم الشخصى YOO, HEONG GAP
245 10 - بيان العنوان
العنوان IF YOU ASK ME ABOUT LIFE /
بيان المسئوليه,etc YOO, HEONG GAP
700 1# - المدخل الاضافى - اسم شخصى
الإسم الشخصى CABRAL, DAVID
260 ## - PUBLICATION, DISTRIBUTION, ETC. (IMPRINT)
تاريخ النشر أو التوزيع 1986
300 ## - الوصف المادى
التعداد 225 P
650 04 - المدخل الاضافى بالموضوع-مصطلح موضوعى
مصطلح موضوعي LIFE
650 04 - المدخل الاضافى بالموضوع-مصطلح موضوعى
مصطلح موضوعي RELATIONSHIP
650 04 - المدخل الاضافى بالموضوع-مصطلح موضوعى
مصطلح موضوعي PHILOSOPHY
650 04 - المدخل الاضافى بالموضوع-مصطلح موضوعى
مصطلح موضوعي BIOGRAPHY
942 ## - عناصر المدخل الإضافي( كوها)
مصدر التصنيف او مخطط الترفيف Dewey Decimal Classification
Koha [default] item type كتاب
260 ## - PUBLICATION, DISTRIBUTION, ETC. (IMPRINT)
-- [S.N] :
-- BOPKYONG PUBLISHING CO. ،
Holdings
حالة التراجع حالة الفقد حالة تلف ليس للاعارة المكان المؤقت الموقع الحالى تاريخ الاكتساب اجمالي اﻻعارات رقم الطلب الباركود تاريخ اخر مشاهدة تاريخ تفعيل السعر نوع وعاء كوها
        مكتبة القاهرة الكبرى مكتبة القاهرة الكبرى 03/26/2014   131\Y I 24283 03/26/2014 03/26/2014 كتاب
        مكتبة القاهرة الكبرى مكتبة القاهرة الكبرى 03/26/2014   131\Y I 24284 03/26/2014 03/26/2014 كتاب

Powered By

EGPV